Physical methods and molecular structure 1. (Record no. 153578)

MARC details
000 -LEADER
fixed length control field 01080nam a2200265 a 4500
008 - FIXED-LENGTH DATA ELEMENTS--GENERAL INFORMATION
fixed length control field
020 ## - INTERNATIONAL STANDARD BOOK NUMBER
International Standard Book Number 0335042325 (pbk.)
049 ## - LOCAL HOLDINGS (OCLC)
Holding library MAIN
090 ## - LOCALLY ASSIGNED LC-TYPE CALL NUMBER (OCLC); LOCAL CALL NUMBER (RLIN)
Classification number (OCLC) (R) ; Classification number, CALL (RLIN) (NR) QD95
003 - CONTROL NUMBER IDENTIFIER
control field
005 - DATE AND TIME OF LATEST TRANSACTION
control field 20230123133727.0
040 ## - CATALOGING SOURCE
Transcribing agency NUST
245 10 - TITLE STATEMENT
Title Physical methods and molecular structure 1.
Number of part/section of a work Units 6-8,
Name of part/section of a work Vibrational and electronic spectroscopy ; Nuclear magnetic resonance spectroscopy /
Statement of responsibility, etc. prepared by an Open University Course Team.
260 ## - PUBLICATION, DISTRIBUTION, ETC.
Place of publication, distribution, etc. Worcester :
Name of publisher, distributor, etc. The Open University Press,
Date of publication, distribution, etc. 1976.
300 ## - PHYSICAL DESCRIPTION
Extent 96 p. :
Other physical details ill. ;
Dimensions 30 cm.
440 #4 - SERIES STATEMENT/ADDED ENTRY--TITLE
Title The nature of chemistry : science, a third level course.
650 ## - SUBJECT ADDED ENTRY--TOPICAL TERM
Topical term or geographic name entry element Magnetic resonance.
650 ## - SUBJECT ADDED ENTRY--TOPICAL TERM
Topical term or geographic name entry element Spectron analysis.
710 ## - ADDED ENTRY--CORPORATE NAME
Corporate name or jurisdiction name as entry element Open University Course Team.
740 ## - ADDED ENTRY--UNCONTROLLED RELATED/ANALYTICAL TITLE
Uncontrolled related/analytical title Vibrational and electronic spectroscopy : Physical and molecular structure 1, Unit 6.
740 ## - ADDED ENTRY--UNCONTROLLED RELATED/ANALYTICAL TITLE
Uncontrolled related/analytical title Nuclear magnetic resonance spectroscopy : Physical and molecular structure 1, Unit 7-8.
830 ## - SERIES ADDED ENTRY--UNIFORM TITLE
Uniform title Science : a third level course.
907 ## - LOCAL DATA ELEMENT G, LDG (RLIN)
a .b10124627
b 09-06-04
c 03-06-04
942 ## - ADDED ENTRY ELEMENTS (KOHA)
Koha item type Ordinary Loan Books
Call number prefix QD95
Holdings
Date last seen Total Checkouts Full call number Barcode Cost, replacement price Price effective from Koha item type Lost status Source of classification or shelving scheme Damaged status Not for loan Collection Withdrawn status Home library Current library Shelving location Date acquired Cost, normal purchase price
01/23/2023 1 QD95 PHY 92003018409 80.00 01/23/2023 BOOKS   LCC     NFIC   MAIN MAIN GEN 01/23/2023 80.00